[Event "Liga Madrileña - DH 2016-2017"]
[Site "Madrid ESP"]
[Date "2017.03.19"]
[Round "14.15"]
[White "Sanchez Gonzalez, Sergio"]
[Black "Barez Menendez, Hector"]
[Result "1-0"]
[WhiteElo "2282"]
[BlackElo "2142"]
[PlyCount "75"]
[EventDate "2016.11.20"]
[EventType "team-tourn"]
[EventRounds "14"]
[EventCountry "ESP"]
[SourceTitle "Ajedrez en Madrid"]
[Source "lmi"]
[SourceDate "2016.11.20"]
[WhiteTeam "Liberty Chess"]
[BlackTeam "Pueblo Nuevo"]
[WhiteTeamCountry "ESP"]
[BlackTeamCountry "ESP"]

1. c4 e6 2. g3 d5 3. Bg2 c6 4. Nf3 f5 5. O-O Nf6 6. d3 Be7 7. b3 O-O 8. Nc3 d4
9. Na4 c5 10. e3 Nc6 11. Ba3 dxe3 12. fxe3 Nd7 13. d4 cxd4 14. Bxe7 Qxe7 15.
exd4 Rb8 16. Nc3 e5 17. d5 e4 18. Nh4 Qc5+ 19. Kh1 Ne7 20. g4 fxg4 21. Qxg4 Nf6
22. Qg3 Ra8 23. Nxe4 Nxe4 24. Rxf8+ Kxf8 25. Bxe4 Kg8 26. Rf1 Bd7 27. Qe5 Re8
28. Qh5 h6 29. Qf7+ Kh8 30. Ng6+ Nxg6 31. Qxg6 Rxe4 32. Qxe4 Kg8 33. Qe5 Qc8
34. Qe7 Bh3 35. Rg1 g5 36. Re1 Qg4 37. Qe8+ Kg7 38. Re7+ 1-0